00873cam a22002411 4500001001300000003000400013005001700017008004100034010001700075035002000092040001700112042001200129050001800141100004400159245022300203250002400426260005300450300002000503500001400523650003200537700004500569999001700614sa 63001713 DLC20260227111929.0910810s1962 ii 000 0 hin  asa 63001713  a(OCoLC)24219917 aDLCcCUdDLC apremarc00aLB775.G22bT71 aTripāṭhī, Śyāmasundaralāla.10aBuniyādī śikshaṅa kī sāmānya evaṃ visésha paddhatiām̐.cLekhaka Śyāma Sundara Lāla Tripāṭhī aura Suśīlā Bāī Tanakhīvāle. Parāmarśadātā Jī. Vaya. Tanakhīvāle. a[1. saṃskaraṇa] aGvāliyara,bKailāśa Pustaka Sadanac[1962] a 124 p.c23 cm. aIn Hindi. 0aWardha scheme of education.1 aTanakhīvāle, Śuśīlā Bāī. c54091d54091